| 000 | 01091nam a2200277 a 4500 | ||
|---|---|---|---|
| 001 | |||
| 003 | DO-SdBNP | ||
| 005 | 20220228105244.0 | ||
| 008 | 100202s1996 dr 001 0 spa d | ||
| 040 |
_aDO-SdBNP _bspa _cBPMSU |
||
| 082 |
_a301.097293 _bH519c 1996 _222 |
||
| 100 | 1 | _aHenríquez Gratereaux, Federico | |
| 245 | 1 | 0 |
_aUn ciclón en una botella : _bnotas para una teoría de la sociedad dominicana / _cFederico Henríquez Gratereaux. |
| 250 | _a | ||
| 260 |
_aSanto Domingo : _bAlfa& Omega, _c1996 |
||
| 300 |
_a274 p. ; _c22 cm. |
||
| 500 | _aLos artículos que compone este volumen acerca de sociografía dominicana fueron publicados en el periódico Última Hora, desde 1974, durante unas treinta semanas. | ||
| 504 | _aBibliografía : p. 269 -274 | ||
| 590 | _6Inventariado, 2022/VM | ||
| 651 | 4 |
_aRepública Dominicana _xVida social y costumbres. |
|
| 651 | 4 |
_aRepública Dominicana _xCaracterísticas nacionales |
|
| 651 | 4 |
_aHaití _xVida social y costumbres. |
|
| 730 | _aÚltima hora (Santo Domingo, Dominican Republic) | ||
| 910 | _aVMateo V. | ||
| 942 |
_2ddc _cBK |
||
| 999 |
_c14048 _d14048 |
||